00564nam a2200193 a 450000100100000000500170001000800410002702000150006804000250008308200180010810000200012624500430014626000710018930000200026049000200028065000240030065000260032483000200035000002332920200930022137.0101202s1988 es r 000 0 spa d a8478200002 aDO-SdBNPbspacBNPHU a861.64bG731e1 aGracia, Luciano10aEslabones de sombra /cLuciano Gracia. aZaragoza, España :bInstitución Fernando el Católico,c1988. a74 p. ;c24 cm.1 aSan Jorge ;v54 4aPoesía española 4aLiteratura española 0aSan Jorge ;n54